[Event "The Bobby Fischer Memorial KO Tournament"]
[Site "SchemingMind.com"]
[Date "2008.03.22"]
[Round "-"]
[White "Orange Lion"]
[Black "Aumonde"]
[Result "1-0"]
[WhiteCountry "NED"]
[BlackCountry "USA"]
[WhiteElo "2255"]
[WhiteRD "83"]
[BlackElo "2213"]
[BlackRD "71"]
[GameID "146338"]

1. Nf3 Nc6 2. d4 d5 3. c4 Bg4 4. Nc3 e6 5. Bf4 dxc4 6. e3 Bd6 7. Bg3 Nge7 8. Bxc4 O-O 9. O-O Bxg3 10. hxg3 a6
11. Rc1 Qd7 12. Ne4 b5 13. Nc5 Qd6 14. Be2 Rfe8 15. a3 e5 16. Nxe5 Bxe2 17. Qxe2 Nxe5 18. dxe5 Qxe5 19. Rfd1 Nd5 20. Qf3 c6
21. Nb7 Qxb2 22. Rxc6 Nf6 23. Nd6 Rf8 24. Nf5 Kh8 25. Rd4 Ng8 26. Qf4 Rae8 27. Qg4 g6 28. Nd6 f5 29. Qd1 Ra8 30. Rd2 Qxa3
31. Qb1 Rf6 32. Rd3 Qa5 33. Qb2 Rf8 34. Ne8 Qe1+ 35. Kh2 Qxf2 36. Qxf2 Rxc6 37. Qb2+ Nf6 38. Nxf6
1-0

[Event "The Bobby Fischer Memorial KO Tournament"]
[Site "SchemingMind.com"]
[Date "2008.05.12"]
[Round "-"]
[White "Lee Shuck"]
[Black "Robert Pallett"]
[Result "0-1"]
[WhiteCountry "ENG"]
[BlackCountry "ENG"]
[WhiteElo "1449"]
[WhiteRD "75"]
[BlackElo "2346"]
[BlackRD "83"]
[GameID "153918"]

1. e4 c5 2. Nc3 Nc6 3. Bc4 e6 4. Nf3 Nf6 5. O-O d5 6. exd5 exd5 7. Bb5 Bd6 8. Re1+ Be6 9. d3 O-O 10. d4 cxd4
11. Nxd4 Ng4 12. Nxc6 Bxh2+ 13. Kf1 bxc6 14. Bxc6 Qb6 15. Re2 Qxc6 16. f3 Qc5 17. Ke1 Bg3+
0-1

[Event "The Bobby Fischer Memorial KO Tournament"]
[Site "SchemingMind.com"]
[Date "2008.05.12"]
[Round "-"]
[White "Robert Pallett"]
[Black "Lee Shuck"]
[Result "1-0"]
[WhiteCountry "ENG"]
[BlackCountry "ENG"]
[WhiteElo "2346"]
[WhiteRD "83"]
[BlackElo "1449"]
[BlackRD "75"]
[GameID "153923"]

1. e4 e5 2. Nf3 Nc6 3. Bc4 Be7 4. d4 d6 5. dxe5 Nxe5 6. Nxe5 dxe5 7. Qh5 Be6 8. Bxe6 g6 9. Qxe5 Nf6 10. Bb3 Qd6
11. Qxd6 Bxd6 12. Nc3 O-O-O 13. Bxf7 Bc5 14. e5 Rhf8 15. e6 Ng4 16. Ne4 Rd4 17. Nxc5 Nh6 18. Bxh6
1-0

[Event "The Bobby Fischer Memorial KO Tournament"]
[Site "SchemingMind.com"]
[Date "2008.05.19"]
[Round "-"]
[White "mohamad_souza"]
[Black "Konan_Kaddosh"]
[Result "0-1"]
[WhiteCountry "IRQ"]
[BlackCountry "ITA"]
[WhiteElo "1754"]
[WhiteRD "108"]
[BlackElo "2559"]
[BlackRD "66"]
[GameID "155599"]

1. e4 c5 2. Bc4 Nc6 3. Nf3 d6 4. Nc3 Nf6 5. Ng5 e6 6. Bb5 Bd7 7. Bxc6 Bxc6 8. d3 b5 9. a3 Be7 10. Qf3 h6
11. Nh3 d5 12. O-O d4 13. Ne2 g5 14. Qg3 g4 15. Nhf4 e5 16. Nd5 Nxd5 17. exd5 Qxd5 18. Qxg4 h5 19. Qg3 h4
0-1

[Event "The Bobby Fischer Memorial KO Tournament"]
[Site "SchemingMind.com"]
[Date "2008.05.19"]
[Round "-"]
[White "Konan_Kaddosh"]
[Black "mohamad_souza"]
[Result "1-0"]
[WhiteCountry "ITA"]
[BlackCountry "IRQ"]
[WhiteElo "2559"]
[WhiteRD "66"]
[BlackElo "1754"]
[BlackRD "108"]
[GameID "155606"]

1. e4 e6 2. d4 d5 3. Nc3 Bb4 4. e5 c5 5. a3 Bxc3+ 6. bxc3 cxd4 7. cxd4 Nc6 8. Nf3 Qa5+ 9. Bd2 Qa4 10. Rb1 Nxd4
11. Nxd4 Qxd4 12. Bb5+ Bd7 13. Bxd7+ Kxd7 14. Rxb7+ Ke8 15. O-O Qxe5 16. c4 Nf6 17. Re1 Qd4 18. Qa4+ Kf8 19. Qb4+ Kg8 20. Rb8+
1-0

[Event "The Bobby Fischer Memorial KO Tournament"]
[Site "SchemingMind.com"]
[Date "2008.05.28"]
[Round "-"]
[White "Tahur"]
[Black "BogusAurelius"]
[Result "0-1"]
[WhiteCountry "ARG"]
[BlackCountry "USA"]
[WhiteElo "2005"]
[WhiteRD "60"]
[BlackElo "2217"]
[BlackRD "70"]
[GameID "156778"]

1. e4 c5 2. Nf3 d6 3. d4 cxd4 4. Nxd4 Nf6 5. Nc3 e6 6. f4 a6 7. f5 Nc6 8. fxe6 fxe6 9. Nxc6 bxc6 10. Be2 Be7
11. O-O O-O 12. Qd4 e5 13. Qc4+ d5 14. Qxc6 Bd7 15. Qb7 Rb8 16. Qxa6 d4 17. Nd5 Nxe4 18. Nxe7+ Qxe7 19. Rxf8+ Rxf8 20. Qb7 Qf6
21. Bf3 Bc6 22. Qb4 Qg6 23. Qb3+ Kh8 24. Qd3 Rf5 25. Qb3 h6 26. a4 Nc3 27. bxc3 Rxf3 28. Qb8+ Kh7 29. Qc8 Rxc3 30. g4 Be4
31. Qd7 Rxc2 32. Be3 dxe3 33. Rb1 Rg2+ 34. Kf1 Rd2
0-1

[Event "The Bobby Fischer Memorial KO Tournament"]
[Site "SchemingMind.com"]
[Date "2008.05.28"]
[Round "-"]
[White "BogusAurelius"]
[Black "Tahur"]
[Result "1-0"]
[WhiteCountry "USA"]
[BlackCountry "ARG"]
[WhiteElo "2156"]
[WhiteRD "77"]
[BlackElo "1951"]
[BlackRD "60"]
[GameID "156783"]

1. e4 e5 2. Nf3 Nc6 3. Bb5 a6 4. Ba4 Nf6 5. O-O Bc5 6. c3 Bb6 7. d4 exd4 8. e5 Ne4 9. Re1 Nxf2 10. Kxf2 dxc3+
11. Kf1 cxb2 12. Bxb2 O-O 13. Nc3 Re8 14. Nd5 Bc5 15. Qd3 h6 16. Bc2 g6 17. Nf6+ Kf8 18. Qc4 b6 19. Bxg6 Re7 20. Qf4 fxg6
21. Qxh6+ Rg7 22. Qh8+ Ke7 23. Qxg7+ Ke6 24. Ng5+ Kf5 25. g4+ Kf4 26. Bc1+ Be3 27. Bxe3+ Kxe5 28. Nf7+
1-0

[Event "The Bobby Fischer Memorial KO Tournament"]
[Site "SchemingMind.com"]
[Date "2008.06.06"]
[Round "-"]
[White "GrischukFan"]
[Black "Fred Fanelli"]
[Result "1-0"]
[WhiteCountry "GER"]
[BlackCountry "USA"]
[WhiteElo "2358"]
[WhiteRD "91"]
[BlackElo "1497"]
[BlackRD "72"]
[GameID "157501"]

1. e4 c6 2. d4 d5 3. e5 Bf5 4. Nf3 e6 5. Be2 c5 6. O-O Nc6 7. c3 Qb6 8. Qa4 c4 9. Nbd2 Be7 10. b3 Qa5
11. Qxa5 Nxa5 12. bxc4 dxc4 13. Nxc4 Nxc4 14. Bxc4 Rc8 15. Bb5+ Kf8 16. Bb2
1-0

[Event "The Bobby Fischer Memorial KO Tournament"]
[Site "SchemingMind.com"]
[Date "2008.06.05"]
[Round "-"]
[White "Fred Fanelli"]
[Black "GrischukFan"]
[Result "0-1"]
[WhiteCountry "USA"]
[BlackCountry "GER"]
[WhiteElo "1497"]
[WhiteRD "72"]
[BlackElo "2358"]
[BlackRD "91"]
[GameID "157508"]

1. c4 Nf6 2. Nc3 e5 3. Nf3 Nc6 4. d4 exd4 5. Nxd4 Bb4 6. Nxc6 bxc6 7. Bd2 O-O 8. e3 d5 9. a3 Bd6 10. Be2 a5
11. O-O Ba6 12. b3 Qe7 13. Bd3 dxc4 14. Bc2 cxb3 15. Bxb3 Bxf1 16. Kxf1 Bxa3
0-1

[Event "The Bobby Fischer Memorial KO Tournament"]
[Site "SchemingMind.com"]
[Date "2008.06.07"]
[Round "-"]
[White "JasonY1982"]
[Black "Robert Pallett"]
[Result "0-1"]
[WhiteCountry "USA"]
[BlackCountry "ENG"]
[WhiteElo "2071"]
[WhiteRD "69"]
[BlackElo "2284"]
[BlackRD "78"]
[GameID "158284"]

1. e4 e5 2. Nf3 Nc6 3. Bb5 a6 4. Ba4 Nf6 5. O-O Be7 6. Re1 b5 7. Bb3 O-O 8. c3 d6 9. h3 Bb7 10. d4 Re8
11. Nbd2 Bf8 12. a4 h6 13. Bc2 exd4 14. cxd4 Nb4 15. Bb1 c5 16. d5 Nd7 17. Ra3 c4 18. axb5 axb5 19. Nd4 Qb6 20. Nf5 g6
21. Rg3 Nc5 22. Nf3 Nbd3 23. Bxd3 Nxd3 24. Be3 Qa5 25. Bd2 Qa2 26. Re2 Qxb2 27. Bxh6 Ra1
0-1

[Event "The Bobby Fischer Memorial KO Tournament"]
[Site "SchemingMind.com"]
[Date "2008.06.07"]
[Round "-"]
[White "Robert Pallett"]
[Black "JasonY1982"]
[Result "0-1"]
[WhiteCountry "ENG"]
[BlackCountry "USA"]
[WhiteElo "2284"]
[WhiteRD "78"]
[BlackElo "2071"]
[BlackRD "69"]
[GameID "158293"]

1. e4 c5 2. Nf3 d6 3. d4 cxd4 4. Nxd4 Nf6 5. Nc3 a6 6. Be3 e6 7. f3 b5 8. Qd2 b4 9. Na4 Nbd7 10. Bc4 Ne5
11. Bb3 d5 12. exd5 Nxd5 13. Bxd5 exd5 14. O-O-O Qa5 15. Nb3 Qxa4 16. Qxd5 Nc6 17. Nd4 Bd7 18. Bg5 f6 19. Nb5 O-O-O 20. Na7+ Kb7
21. Be3 Be7 22. Rhe1 Bc8 23. Qc4 Rxd1+ 24. Rxd1 Nxa7 25. Bxa7 Kxa7 26. Qc7+ Ka8 27. Qxe7 Qxa2 28. Rd8 Rxd8 29. Qxd8 Qe6
0-1

[Event "The Bobby Fischer Memorial KO Tournament"]
[Site "SchemingMind.com"]
[Date "2008.06.25"]
[Round "-"]
[White "BogusAurelius"]
[Black "Orange Lion"]
[Result "1/2-1/2"]
[WhiteCountry "USA"]
[BlackCountry "NED"]
[WhiteElo "2272"]
[WhiteRD "77"]
[BlackElo "2267"]
[BlackRD "90"]
[GameID "160902"]

1. e4 e6 2. d4 d5 3. Nc3 Bb4 4. e5 c5 5. a3 Bxc3+ 6. bxc3 Ne7 7. Qg4 O-O 8. Nf3 Nbc6 9. Bd3 f5 10. exf6 Rxf6
11. Qh3 h6 12. Qh5 Bd7 13. O-O c4 14. Be2 Qc7 15. Rb1 b6 16. Re1 Re8 17. Bd2 Ref8 18. Bd1 Ng6 19. a4 Re8 20. Qh3 e5
21. Qg3 Qd6 22. dxe5 Ncxe5 23. Nxe5 Rxe5 24. Rxe5 Qxe5 25. Qxe5 Nxe5 26. Be3 Rd6 27. a5 bxa5 28. Rb7 Bc8 29. Rxa7 Ra6 30. Rxa6 Bxa6
31. f4 Nd7 32. Bc1 Nf6 33. Kf2 Ne4+ 34. Ke3 Nxc3 35. Bg4 Na2 36. Be6+ Kh7=
1/2-1/2

[Event "The Bobby Fischer Memorial KO Tournament"]
[Site "SchemingMind.com"]
[Date "2008.06.25"]
[Round "-"]
[White "Orange Lion"]
[Black "BogusAurelius"]
[Result "1/2-1/2"]
[WhiteCountry "NED"]
[BlackCountry "USA"]
[WhiteElo "2267"]
[WhiteRD "90"]
[BlackElo "2272"]
[BlackRD "77"]
[GameID "160905"]

1. e4 c5 2. Nf3 d6 3. d4 cxd4 4. Nxd4 Nf6 5. Nc3 e6 6. Be2 Be7 7. O-O O-O 8. f4 Nc6 9. Be3 Bd7 10. Nb3 a6
11. a4 b6 12. Bf3 Rb8 13. Qe2 Qc8 14. Rfd1 h6 15. Bf2 Rd8 16. Rd2 e5 17. Nd5 Nxd5 18. exd5 Na5 19. Nxa5 bxa5 20. fxe5 dxe5
21. c3 Bd6 22. Kh1 f5 23. g3 Rb3 24. Qd1 Qb7 25. Ra2 e4 26. Bg2 Be7 27. Be3 Bg5 28. Bxg5 hxg5 29. Qe2 Be8 30. g4 Rxd5
31. gxf5 Bc6 32. Rxd5 Bxd5 33. Qh5 Qe7 34. Qe2 Rb6 35. Ra1 Qe5 36. Rd1 Rh6 37. h3=
1/2-1/2

[Event "The Bobby Fischer Memorial KO Tournament"]
[Site "SchemingMind.com"]
[Date "2008.07.10"]
[Round "-"]
[White "29A"]
[Black "Netferatu"]
[Result "0-1"]
[WhiteCountry "CAN"]
[BlackCountry "ARG"]
[WhiteElo "1836"]
[WhiteRD "80"]
[BlackElo "2287"]
[BlackRD "89"]
[GameID "162611"]

1. e4 c5 2. Nc3 Nc6 3. d3 Nf6 4. g3 d5 5. exd5 Nxd5 6. Bd2 Nxc3 7. Bxc3 Qd5 8. Qf3 Qd6 9. Ne2 Nd4 10. Nxd4 cxd4
11. Bd2 Bd7
0-1

[Event "The Bobby Fischer Memorial KO Tournament"]
[Site "SchemingMind.com"]
[Date "2008.07.09"]
[Round "-"]
[White "Netferatu"]
[Black "29A"]
[Result "1-0"]
[WhiteCountry "ARG"]
[BlackCountry "CAN"]
[WhiteElo "2287"]
[WhiteRD "89"]
[BlackElo "1836"]
[BlackRD "80"]
[GameID "162619"]

1. e4 c5 2. Nf3 d6 3. d4 cxd4 4. Nxd4 Nf6 5. Nc3 e6 6. g4 h6 7. h4 Be7 8. Rg1 d5 9. exd5 Nxd5 10. Nxd5 Qxd5
11. Be3 Nc6 12. Bg2 Qa5+ 13. Qd2 Qxd2+ 14. Kxd2 Nxd4 15. Bxd4 O-O 16. Rh1 Rd8 17. Ke3 g5 18. c3 Bd7 19. hxg5
1-0

[Event "The Bobby Fischer Memorial KO Tournament"]
[Site "SchemingMind.com"]
[Date "2008.09.27"]
[Round "-"]
[White "Orange Lion"]
[Black "Robert Pallett"]
[Result "1-0"]
[WhiteCountry "NED"]
[BlackCountry "ENG"]
[WhiteElo "2322"]
[WhiteRD "85"]
[BlackElo "2293"]
[BlackRD "75"]
[GameID "172814"]

1. Nf3 Nf6 2. c4 e6 3. d4 d5 4. Nc3 c6 5. e3 Nbd7 6. Qc2 Bd6 7. g4 dxc4 8. Bxc4 h6 9. Bd2 b5 10. Be2 Bb7
11. e4 b4 12. e5 bxc3 13. bxc3 c5 14. exd6 cxd4 15. cxd4 Rc8 16. Qa4 Qb6 17. O-O Qxd6 18. Qxa7 Qd5 19. Rab1 Bc6 20. Bb4 Qe4
21. Rfc1 Nd5 22. Qa6 Ne7 23. d5 Ra8 24. Qc4 Bxd5 25. Qxe4 Bxe4= 26. Rb2 Bd5 27. Nd4 Kd8 28. Bb5 Ra7 29. Rbc2 Be4 30. Rc3
1-0

[Event "The Bobby Fischer Memorial KO Tournament"]
[Site "SchemingMind.com"]
[Date "2008.09.27"]
[Round "-"]
[White "Robert Pallett"]
[Black "Orange Lion"]
[Result "1-0"]
[WhiteCountry "ENG"]
[BlackCountry "NED"]
[WhiteElo "2293"]
[WhiteRD "75"]
[BlackElo "2322"]
[BlackRD "85"]
[GameID "172826"]

1. e4 e6 2. d4 d5 3. Nc3 Bb4 4. e5 c5 5. a3 Bxc3+ 6. bxc3 Ne7 7. Qg4 O-O 8. Bd3 Nbc6 9. Qh5 Ng6 10. Nf3 Qc7
11. Be3 c4 12. Bxg6 fxg6 13. Qg4 Bd7 14. h4 Rf5 15. h5 gxh5 16. Rxh5 Rxh5 17. Qxh5 Be8 18. Qg4 Qd7 19. Kd2 Bg6 20. Nh4 Ne7
21. Nxg6 Nxg6 22. Rh1 Rc8 23. Qh5 Nf8 24. f4 Rc6 25. g4 Ra6 26. Ra1 Qf7 27. Qh3 Qe7 28. f5 Qc7= 29. f6 Qf7 30. Rf1 Ng6
31. fxg7 Qxg7 32. Bh6 Qe7 33. Rf6
1-0

[Event "The Bobby Fischer Memorial KO Tournament"]
[Site "SchemingMind.com"]
[Date "2009.12.14"]
[Round "-"]
[White "Robert Pallett"]
[Black "Konan_Kaddosh"]
[Result "1/2-1/2"]
[WhiteCountry "ENG"]
[BlackCountry "ITA"]
[WhiteElo "2261"]
[WhiteRD "94"]
[BlackElo "2609"]
[BlackRD "76"]
[GameID "230899"]

1. e4 c5 2. Nf3 d6 3. d4 cxd4 4. Nxd4 Nf6 5. Nc3 a6 6. Be3 Ng4 7. Bg5 h6 8. Bh4 g5 9. Bg3 Bg7 10. h3 Ne5
11. Nf5 Bxf5 12. exf5 Nbc6 13. Nd5 e6 14. fxe6 fxe6 15. Ne3 O-O 16. Be2 d5 17. O-O Ng6 18. Bg4 Qf6 19. c3 Nf4 20. Bxf4 gxf4
21. Nc2 Rad8 22. Nd4 Rfe8 23. Nb3 e5 24. Nc5 Qe7 25. Ne6 Rd6 26. Re1 Rxe6 27. Qxd5 Nd8 28. Bxe6+ Nxe6 29. Rad1 Kh8 30. f3 Nc5
31. Qd6 Bf6 32. Qxe7 Rxe7 33. Rd5=
1/2-1/2

[Event "The Bobby Fischer Memorial KO Tournament"]
[Site "SchemingMind.com"]
[Date "2009.12.14"]
[Round "-"]
[White "Konan_Kaddosh"]
[Black "Robert Pallett"]
[Result "1-0"]
[WhiteCountry "ITA"]
[BlackCountry "ENG"]
[WhiteElo "2609"]
[WhiteRD "76"]
[BlackElo "2261"]
[BlackRD "94"]
[GameID "230909"]

1. e4 c5 2. Nf3 Nc6 3. Bb5 g6 4. O-O Bg7 5. Re1 Nf6 6. e5 Nd5 7. Nc3 Nc7 8. Bc4 O-O 9. d3 Ne6 10. a4 b6
11. Nd5 d6 12. exd6 Qxd6 13. Nc3 a6 14. Bd2 h6 15. h3 Rd8 16. Qc1 g5 17. Ne4 Qc7 18. h4 g4 19. Nh2 h5 20. Nf1 Ne5
21. Bxe6 Bxe6 22. Nfg3 Rd5 23. Nc3 Rd4 24. Bh6 Bf6 25. Nxh5 g3 26. fxg3 Ng4 27. Ne4
1-0